|
|
|
|
| LEADER |
00749cam a2200217 7i4500 |
| 001 |
0000027278 |
| 005 |
20120111090000.0 |
| 020 |
0 |
0 |
|a 9787510305672
|
| 090 |
0 |
0 |
|a CHIN 338.7
|b CHI
|
| 245 |
0 |
0 |
|a China commerce yearbook 2011.
|
| 260 |
0 |
0 |
|a Beijing:
|b China Commerce and Trade Press,
|c 2011.
|
| 300 |
# |
# |
|a 818 p.
|
| 650 |
0 |
0 |
|a Investments --
|z China
|
| 650 |
0 |
0 |
|a Statistics --
|z China
|
| 650 |
0 |
0 |
|a International trade --
|z China
|
| 650 |
0 |
0 |
|a Business --
|x Yearbooks --
|z China
|
| 650 |
0 |
0 |
|a Rules and regulations --
|z China
|
| 651 |
0 |
0 |
|a China
|
| 999 |
|
|
|a B000029932
|b Book
|c Countries
|e Business Information Centre
|
| 999 |
|
|
|a B000029923
|b Book
|c Countries
|e Business Information Centre
|
| 999 |
|
|
|a 0000030165
|b Book
|c Countries
|e Business Information Centre
|